Coyote : the dramatic lives of Sam Shepard / ... Read More
Available copies
- 1 of 1 copy available at LARL/NWRL Consortium.
- 1 of 1 copy available at Lake Agassiz Regional Library. (Show preferred library)
Current holds
0 current holds with 1 total copy.
Show Only Available Copies
| Location | Call Number / Copy Notes | Barcode | Shelving Location | Status | Due Date |
|---|---|---|---|---|---|
| Moorhead Public Library | 921 SHE (Text) | 33500014366488 | New | Available | - |
Record details
- ISBN: 9781501195730
- ISBN: 1501195735
- Physical Description: xxxiii, 444 pages, 16 unnumbered pages of plates : ... Read More
- Edition: First Scribner hardcover edition.
- Publisher: New York, NY : Scribner, 2025.
- Copyright: ©2025
Content descriptions
| Bibliography, etc. Note: | Includes bibliographical references (pages ... Read More |
| Formatted Contents Note: | Prologue: Exile -- Introduction: The sidewinder's ... Read More |
| Summary, etc.: | "Sam Shepard was a true American original. A ... Read More |
Search for related items by subject
| Subject: | Shepard, Sam, 1943-2017. Dramatists, American > 20th century > Biography. Actors > United States > Biography. |
| Genre: | Biographies. |
| LDR | 03003cam a2200457 i 4500 | ||
|---|---|---|---|
| 001 | 483007 | ||
| 003 | LARL_NWRL_CONSORTIUM | ||
| 005 | 20260424183909.0 | ||
| 008 | 251012t20252025nyuaf e b 001 0beng d | ||
| 010 | . | ‡a 2025937484 | |
| 040 | . | ‡aIG# ‡beng ‡erda ‡cIG# ‡dOCLCO ‡dBDX ‡dGL4 ‡dVP@ ‡dIUK ‡dYDX ‡dUAP ‡dIND ‡dAPL ‡dGZM | |
| 019 | . | ‡a1492479466 ‡a1527829261 | |
| 020 | . | ‡a9781501195730 ‡q(hardcover) | |
| 020 | . | ‡a1501195735 ‡q(hardcover) | |
| 035 | . | ‡a(OCoLC)1544938311 ‡z(OCoLC)1492479466 ‡z(OCoLC)1527829261 | |
| 043 | . | ‡an-us--- | |
| 082 | 0 | 4. | ‡a812/.54 ‡aB ‡223/eng/20251012 |
| 100 | 1 | . | ‡aDowling, Robert M., ‡d1970- ‡eauthor. ‡1https://id.oclc.org/worldcat/entity/E39PCjKmYhb3q7GwC9j73CTcrm |
| 245 | 1 | 0. | ‡aCoyote : ‡bthe dramatic lives of Sam Shepard / ‡cRobert M. Dowling. |
| 250 | . | ‡aFirst Scribner hardcover edition. | |
| 264 | 1. | ‡aNew York, NY : ‡bScribner, ‡c2025. | |
| 264 | 4. | ‡c©2025 | |
| 300 | . | ‡axxxiii, 444 pages, 16 unnumbered pages of plates : ‡billustrations (some color) ; ‡c24 cm | |
| 336 | . | ‡atext ‡btxt ‡2rdacontent | |
| 337 | . | ‡aunmediated ‡bn ‡2rdamedia | |
| 338 | . | ‡avolume ‡bnc ‡2rdacarrier | |
| 504 | . | ‡aIncludes bibliographical references (pages 355-358) and index. | |
| 520 | . | ‡a"Sam Shepard was a true American original. A theater and film icon who lived life on a mythic scale, Shepard became an embodiment of the fierce independence and wild freedom of the American West. Taking us from the creative explosion of downtown New York City in the 1960s to Bob Dylan's legendary Rolling Thunder Revue tour, from Hollywood backlots and film shoots in the Mojave Desert to the horse ranches where Shepard went to escape it all, Robert M. Dowling's biography reveals this playwright, actor, and filmmaker as we've never known him before"-- ‡cProvided by publisher. | |
| 505 | 0 | . | ‡aPrologue: Exile -- Introduction: The sidewinder's head -- Part I: 1943-1971. Son of Sam -- Fishing in the dark -- 'Junk magic' at Theater Genesis -- Los Turistas -- The Italian job -- Sam and O-Lan -- Strangers vs. friends -- The gothic crow -- Part II: 1971-1990. The London fringe -- California dreaming -- Blood lines -- The wolf and the sheep -- The aviator -- 'Just Sam' -- Legends of love -- Part III: 1990-2017. 'Horrors of the road' -- Those so-called disasters -- Trigger words -- At home at the Abbey -- 'Coyote fades' -- Epiloge: A pulse in the dark -- Acknowledgments -- Chronology Shepard's world premiers -- Sources, archives, and works cited -- Notes -- Index -- Image credits. |
| 600 | 1 | 0. | ‡aShepard, Sam, ‡d1943-2017. ‡0(LARL_NWRL_CONSORTIUM)225554 |
| 650 | 0. | ‡aDramatists, American ‡y20th century ‡vBiography. ‡0(LARL_NWRL_CONSORTIUM)164663 | |
| 650 | 0. | ‡aActors ‡zUnited States ‡vBiography. ‡0(LARL_NWRL_CONSORTIUM)163254 | |
| 655 | 7. | ‡aBiographies. ‡2lcgft | |
| 905 | . | ‡uvanderl | |
| 901 | . | ‡a483007 ‡bAUTOGEN ‡c483007 ‡tbiblio ‡soclc | |

Add to basket
Permalink
Disable Highlighting